000
00314nam a2200121Ia 4500
008
210430s9999 xx 000 0 und d
082
_a
572 B482 B
100
_a
Jeremy M.Berg
245
_a
Biochemistry
_c
Jeremy M.Berg
260
_a
Islamabad
_b
National Book Foundation
_c
2006
300
_a
974p
942
_c
BK
_2
ddc
999
_c
561534
_d
561534